Statistics for Ligue 1 2022/23 Goalscorers

Click here to take the quiz!

General Stats

  • This quiz has been taken 15 times
  • The average score is 55 of 274

Answer Stats

TeamGoalsPlayer% Correct
Paris Saint-Germain29Kylian Mbappé
100%
Paris Saint-Germain16Lionel Messi
100%
Lyon27Alexandre Lacazette
93%
Lille24Jonathan David
93%
Paris Saint-Germain13Neymar
93%
Monaco19Wissam Ben Yedder
86%
Lens21Loïs Openda
79%
Nice1Mattia Viti
79%
Paris Saint-Germain2Vitinha
79%
Marseille2Vitinha
79%
Reims21Folarin Balogun
71%
Paris Saint-Germain2Marquinhos
71%
Rennes9Martin Terrier
71%
Paris Saint-Germain5Achraf Hakimi
64%
Marseille14Alexis Sánchez
64%
Paris Saint-Germain2Danilo Pereira
64%
Marseille4Dimitri Payet
64%
Lorient12Terem Moffi
64%
Nice6Terem Moffi
64%
Monaco8Aleksandr Golovin
57%
Paris Saint-Germain3Carlos Soler
57%
Lens7Seko Fofana
57%
Monaco2Youssouf Fofana
57%
Nice6Andy Delort
50%
Montpellier19Elye Wahi
50%
Rennes2Gaëtan Laborde
50%
Nice13Gaëtan Laborde
50%
Lille6Jonathan Bamba
50%
Marseille2Jonathan Clauss
50%
Brest2Mathias Pereira Lage
50%
Lyon4Rayan Cherki
50%
Rennes15Amine Gouiri
43%
Toulouse5Branco van den Boomen
43%
Lens7Florian Sotoca
43%
Paris Saint-Germain3Hugo Ekitiké
43%
Paris Saint-Germain1Juan Bernat
43%
Lyon4Karl Toko Ekambi
43%
Rennes3Karl Toko Ekambi
43%
Strasbourg10Kevin Gameiro
43%
Monaco3Kevin Volland
43%
Paris Saint-Germain1Nuno Mendes
43%
Paris Saint-Germain2Sergio Ramos
43%
Lyon1Thiago Mendes
43%
Monaco2Benoît Badiashile
36%
Marseille5Cengiz Ünder
36%
Marseille5Chancel Mbemba
36%
Nice1Dante
36%
Paris Saint-Germain3Fabián Ruiz
36%
Clermont Foot10Grejohn Kyei
36%
Strasbourg20Habib Diallo
36%
Rennes1Hamari Traoré
36%
Lyon4Maxence Caqueret
36%
Nantes5Moses Simon
36%
Nantes8Mostafa Mohamed
36%
Lyon3Moussa Dembélé
36%
Marseille6Nuno Tavares
36%
Brest5Pierre Lees-Melou
36%
Paris Saint-Germain2Renato Sanches
36%
Monaco1Takumi Minamino
36%
Montpellier12Téji Savanier
36%
Monaco3Axel Disasi
29%
Marseille1Azzedine Ounahi
29%
Marseille1Bamba Dieng
29%
Lorient3Bamba Dieng
29%
Lille1Benjamin André
29%
Rennes7Benjamin Bourigeaud
29%
Lyon1Corentin Tolisso
29%
Monaco4Eliesse Ben Seghir
29%
Lorient5Enzo Le Fée
29%
Marseille2Gerson
29%
Monaco3Guillermo Maripán
29%
Strasbourg3Habib Diarra
29%
Lorient7Ibrahima Koné
29%
Rennes6Jérémy Doku
29%
Marseille4Jordan Veretout
29%
Lens1Kevin Danso
29%
Strasbourg1Ludovic Ajorque
29%
Nantes7Ludovic Blas
29%
Marseille2Mattéo Guendouzi
29%
Auxerre6M'Baye Niang
29%
Nantes2Moussa Sissoko
29%
Auxerre5Nuno da Costa
29%
Marseille2Samuel Gigot
29%
Lorient2Stéphane Diarra
29%
Paris Saint-Germain2Warren Zaïre-Emery
29%
Lens1Angelo Fulgini
21%
Rennes7Arnaud Kalimuendo
21%
Rennes4Arthur Theate
21%
Lyon5Bradley Barcola
21%
Monaco12Breel Embolo
21%
Rennes3Désiré Doué
21%
Lens2Facundo Medina
21%
Lyon1Houssem Aouar
21%
Clermont Foot1Jérémie Bela
21%
Lille1José Fonte
21%
Reims6Junya Ito
21%
Nice2Khéphren Thuram
21%
Monaco4Krépin Diatta
21%
Brest2Mahdi Camara
21%
Monaco3Myron Boadu
21%
Lyon1Nicolás Tagliafico
21%
Marseille1Pape Gueye
21%
Lille7Rémy Cabella
21%
Ajaccio2Romain Hamouma
21%
Marseille1Ruslan Malinovskyi
21%
Marseille4Sead Kolašinac
21%
Lyon6Tetê
21%
Toulouse12Thijs Dallinga
21%
Lille2Tiago Djaló
21%
Marseille1Valentin Rongier
21%
Montpellier2Valère Germain
21%
Ajaccio6Youcef Belaïli
21%
Toulouse10Zakaria Aboukhlal
21%
Lille1Adam Ounas
14%
Lyon1Amin Sarr
14%
Nice3Billal Brahimi
14%
Auxerre2Birama Touré
14%
Monaco1Caio Henrique
14%
Lyon2Castello Lukeba
14%
Lens1David Costa
14%
Lyon1Dejan Lovren
14%
Lille3Edon Zhegrova
14%
Monaco1Eliot Matazo
14%
Brest6Franck Honorat
14%
Auxerre1Gaëtan Charbonnier
14%
Auxerre3Gaëtan Perrin
14%
Auxerre2Gauthier Hein
14%
Brest1Hugo Magnetti
14%
Auxerre1Isaak Touré
14%
Strasbourg1Ismaël Doukouré
14%
Lens1Jonathan Gradit
14%
Auxerre3Jubal
14%
Marseille3Luis Suárez
14%
Troyes11Mama Baldé
14%
Rennes1Matthis Abline
14%
Auxerre2Matthis Abline
14%
Strasbourg1Morgan Sanson
14%
Clermont Foot7Muhammed Cham
14%
Nantes1Nicolas Pallois
14%
Lens5Przemysław Frankowski
14%
Auxerre2Rayan Raveloson
14%
Troyes4Renaud Ripart
14%
Brest6Romain Del Castillo
14%
Lorient5Romain Faivre
14%
Troyes7Rony Lopes
14%
Lens1Salis Abdul Samed
14%
Lorient2Théo Le Bris
14%
Troyes1Thierno Baldé
14%
Ajaccio1Thomas Mangani
14%
Monaco1Vanderson
14%
Troyes4Xavier Chavalerin
14%
Nice1Youcef Atal
14%
Reims1Yunis Abdelhamid
14%
Nice1Aaron Ramsey
7%
Brest1Achraf Dari
7%
Toulouse2Ado Onaiwu
7%
Lens5Adrien Thomasson
7%
Angers3Amine Salama
7%
Lille3André Gomes
7%
Lille2Angel Gomes
7%
Lorient1Armand Laurienté
7%
Montpellier9Arnaud Nordin
7%
Lorient1Bamo Meïté
7%
Rennes2Baptiste Santamaria
7%
Lens4Deiver Machado
7%
Monaco1Edan Diop
7%
Toulouse5Farès Chaïbi
7%
Rennes2Flavien Tait
7%
Nantes1Florent Mollet
7%
Strasbourg1Gerzino Nyamsi
7%
Nice1Hicham Boudaoui
7%
Troyes2Iké Ugbo
7%
Brest1Islam Slimani
7%
Marseille1Issa Kaboré
7%
Strasbourg2Jean-Ricner Bellegarde
7%
Lyon1Jeffinho
7%
Reims3Jens Cajuste
7%
Brest10Jérémy Le Douaron
7%
Clermont Foot3Jim Allevinah
7%
Lyon1Johann Lepenant
7%
Montpellier1Jordan Ferri
7%
Lorient1Julien Ponceau
7%
Rennes1Kamaldeen Sulemana
7%
Auxerre1Lassine Sinayoko
7%
Strasbourg3Lebo Mothiba
7%
Rennes2Lovro Majer
7%
Reims7Marshall Munetsi
7%
Auxerre2Mathias Autret
7%
Clermont Foot1Maxime Gonalons
7%
Toulouse1Mikkel Desler
7%
Lille4Mohamed Bayo
7%
Clermont Foot3Neto Borges
7%
Montpellier2Nicolas Cozza
7%
Nice6Nicolas Pépé
7%
Nantes1Quentin Merlin
7%
Toulouse2Rhys Healey
7%
Nice4Ross Barkley
7%
Clermont Foot7Saîf-Eddine Khaoui
7%
Angers4Sofiane Boufal
7%
Nice1Sofiane Diop
7%
Monaco1Sofiane Diop
7%
Brest6Steve Mounié
7%
Toulouse2Stijn Spierings
7%
Angers5Abdallah Sima
0%
Troyes1Abdu Conté
0%
Angers4Adrien Hunou
0%
Lille1Alan Virginius
0%
Strasbourg1Alexander Djiku
0%
Lens5Alexis Claude-Maurice
0%
Reims4Alexis Flips
0%
Lille3Alexsandro
0%
Nantes1Andrei Girotto
0%
Troyes1Ante Palaversa
0%
Toulouse2Anthony Rouault
0%
Lille3Bafodé Diakité
0%
Ajaccio1Bevic Moussiti-Oko
0%
Toulouse4Brecht Dejaegere
0%
Ajaccio1Cédric Avinel
0%
Ajaccio1Clément Vidal
0%
Ajaccio1Cyrille Bayala
0%
Lorient6Dango Ouattara
0%
Lorient1Darlin Yongwa
0%
Montpellier1Enzo Tchato
0%
Nantes3Evann Guessand
0%
Montpellier5Faitout Maouassa
0%
Montpellier1Falaye Sacko
0%
Troyes3Florian Tardieu
0%
Angers2Halid Šabanović
0%
Auxerre1Hamza Sakhi
0%
Brest2Haris Belkebla
0%
Angers2Himad Abdelli
0%
Angers2Ibrahima Niane
0%
Nantes5Ignatius Ganago
0%
Lille2Ismaily
0%
Montpellier1Issiaga Sylla
0%
Troyes2Jackson Porozo
0%
Strasbourg3Jean-Eudes Aholou
0%
Clermont Foot1Jodel Dossou
0%
Rennes1Joe Rodon
0%
Clermont Foot4Johan Gastien
0%
Auxerre1Julian Jeanvier
0%
Reims2Kamory Doumbia
0%
Clermont Foot4Komnen Andrić
0%
Angers1Lilian Rao-Lisoa
0%
Angers2Loïs Diony
0%
Montpellier1Mamadou Sakho
0%
Nantes1Marcus Coco
0%
Clermont Foot1Maximiliano Caufriez
0%
Clermont Foot1Mehdi Zeffane
0%
Ajaccio1Mickaël Barreto
0%
Angers2Miha Blažič
0%
Lorient1Montassar Talbi
0%
Ajaccio6Mounaïm El Idrissy
0%
Ajaccio1Moussa Soumano
0%
Reims1Myziane Maolida
0%
Angers4Nabil Bentaleb
0%
Brest1Noah Fadiga
0%
Lorient1Quentin Boisgard
0%
Toulouse5Rafael Ratão
0%
Ajaccio1Riad Nouri
0%
Troyes1Rominigue Kouamé
0%
Montpellier1Sacha Delaye
0%
Angers1Sada Thioub
0%
Strasbourg1Sanjin Prcić
0%
Montpellier4Stephy Mavididi
0%
Montpellier1Théo Sainte-Luce
0%
Montpellier4Wahbi Khazri
0%
Lens5Wesley Saïd
0%
Troyes4Wilson Odobert
0%
Troyes1Yasser Larouci
0%
Lorient1Yoann Cathline
0%
Troyes1Yoann Salmier
0%
Nice1Youssouf Ndayishimiye
0%
Strasbourg1Yuito Suzuki
0%

Score Distribution

Percentile by Number Answered

Percent of People with Each Score

Your Score History

You have not taken this quiz